Robinhood / (Record no. 21665)

000 -LEADER
fixed length control field 00538nam a22001577a 4500
003 - CONTROL NUMBER IDENTIFIER
control field OSt
005 - DATE AND TIME OF LATEST TRANSACTION
control field 20260121160052.0
008 - FIXED-LENGTH DATA ELEMENTS--GENERAL INFORMATION
fixed length control field 260121b2009 xxua|||| |||| 00| 0 eng d
040 ## - CATALOGING SOURCE
Transcribing agency csu
100 ## - MAIN ENTRY--PERSONAL NAME
Personal name Villanueva, Mary Ann,
Relator term author.
245 ## - TITLE STATEMENT
Title Robinhood /
Statement of responsibility, etc retold by Mary Ann Villanueva; illustrations by Dorvin Siguenza.
260 ## - PUBLICATION, DISTRIBUTION, ETC. (IMPRINT)
Date of publication, distribution, etc c2009.
Place of publication, distribution, etc [Place of publication not identified] :
Name of publisher, distributor, etc [name of publisher not identified],
300 ## - PHYSICAL DESCRIPTION
Other physical details illustrations;
Extent 12 pages:
Dimensions 27 cm.
700 ## - ADDED ENTRY--PERSONAL NAME
Personal name Sigeunza, Dorvin,
Relator term illustrator.
942 ## - ADDED ENTRY ELEMENTS (KOHA)
Koha item type Books
Source of classification or shelving scheme
Holdings
Price effective from Permanent Location Date last seen Not for loan Date acquired Source of classification or shelving scheme Koha item type Lost status Withdrawn status Source of acquisition Collection code Damaged status Barcode Shelving location Current Location Full call number
2026-01-20Cagayan State University - Carig Library2026-01-20 2026-01-19 Books  DonationsChildren Section C000493Children SectionCagayan State University - Carig LibraryCS C493 V7123 2009

Cagayan State University University Library, Carig Campus
Tuguegarao City, Cagayan 3500 | www.csucarig.edu.ph

Powered by Koha